000 00455nam a2200181Ia 4500
001 12202
005 20260306162924.0
008 260306t2020||||xx |||||||||||||| ||spa||
041 _aESP
082 _aHR 340
_bN° 51 2020 RA-DP
100 _aLópez y López, Ángel
_eAUT
245 0 _aRevista Aranzadi de derecho patrimonial
260 _c2020
300 _a349 páginas :
_c24 cm.
650 _aGEN
654 _aCDE
942 _cREV
_dJUS
_fJUS
_2ddc
_n
999 _c12202
_d12202